000 00411nam a2200181Ia 4500
005 20250603145812.0
008 250603s9999 xx 000 0 und d
020 _a9780470655313
050 _aP 295 .C37/
100 _aCarnie, Andrew
245 0 _aSyntax : a generative introduction
260 _aUSA
260 _bWiley-Blackwell
260 _c2013
300 _a526 p
650 _aUSA
942 _cBK
999 _c42899
_d42899